[Event "Mittelfrank Regionalliga Nord-West 2122"]
[Site "Mittelfranken"]
[Date "2022.03.13"]
[Round "6.6"]
[White "Urytskyy, Arkadiy"]
[Black "Schmierer, Hans Joachim"]
[Result "1-0"]
[WhiteElo "1967"]
[BlackElo "1816"]
[PlyCount "67"]
[EventDate "2021.10.24"]
[EventType "team-tourn"]
[EventRounds "9"]
[EventCountry "GER"]
[SourceTitle "EXT 2024"]
[Source "ChessBase"]
[SourceDate "2023.10.10"]
[SourceVersion "1"]
[SourceVersionDate "2023.10.10"]
[SourceQuality "1"]
[WhiteTeam "Hof PTSV"]
[BlackTeam "Kronach"]
[WhiteTeamCountry "GER"]
[BlackTeamCountry "GER"]

1. Nf3 d6 2. g3 Nf6 3. Bg2 g6 4. 0-0 Bg7 5. c4 0-0 6. Nc3 e5 7. d3 c6 8. Rb1 Na6 9. b4 Nc7 10. b5 Bd7 11. Ba3 c5 12. Nd2 Rb8 13. b6 axb6 14. Rxb6 Ncd5 15. Nxd5 Nxd5 16. Rb3 Nb4 17. Bxb4 cxb4 18. Rxb4 Qa5 19. Qb1 f5 20. Rxb7 Rxb7 21. Qxb7 Qxd2 22. Qxd7 Qxe2 23. Qxd6 Qxa2 24. c5 Qa3 25. Qd5+ Kh8 26. c6 Qe7 27. Rb1 Rd8 28. Qc4 Qd6 29. Rb7 Rc8 30. Rd7 Qf6 31. c7 e4 32. dxe4 Qa1+ 33. Bf1 Qa8 34. Qa6 1-0

[Event "Mittelfrank Regionalliga Nord-West 2122"]
[Site "Mittelfranken"]
[Date "2021.10.24"]
[Round "1.7"]
[White "Eckert, Leo"]
[Black "Schmierer, Hans Joachim"]
[Result "1-0"]
[WhiteElo "1896"]
[BlackElo "1816"]
[PlyCount "105"]
[EventDate "2021.10.24"]
[EventType "team-tourn"]
[EventRounds "9"]
[EventCountry "GER"]
[SourceTitle "EXT 2024"]
[Source "ChessBase"]
[SourceDate "2023.10.10"]
[SourceVersion "1"]
[SourceVersionDate "2023.10.10"]
[SourceQuality "1"]
[WhiteTeam "Kitzingen"]
[BlackTeam "Kronach"]
[WhiteTeamCountry "GER"]
[BlackTeamCountry "GER"]

1. d4 Nf6 2. c4 g6 3. Nc3 Bg7 4. e4 d6 5. Be2 0-0 6. Bg5 h6 7. Be3 Nc6 8. h3 e5 9. Nf3 Re8 10. d5 Nd4 11. 0-0 Nxe2+ 12. Qxe2 a6 13. b4 Nh5 14. Rfd1 Nf4 15. Qf1 f5 16. Rac1 Qf6 17. c5 fxe4 18. Nd2 Qh4 19. Ndxe4 Bf5 20. f3 Rad8 21. cxd6 cxd6 22. Bb6 Rd7 23. Bf2 Qh5 24. Ng3 Qg5 25. Nce4 Qe7 26. b5 Ra8 27. b6 Qd8 28. Qc4 Rf7 29. Qb4 Bf8 30. Be3 Rc8 31. Rxc8 Bxc8 32. a4 Qh4 33. Bxf4 Qxf4 34. Qd2 Bd7 35. a5 Bb5 36. Qxf4 exf4 37. Nf1 Rf5 38. Rd4 Bg7 39. Rd1 Bc4 40. Rc1 Bxf1 41. Kxf1 Rxd5 42. Rc8+ Kh7 43. Rc7 Rxa5 44. Nxd6 Ra1+ 45. Ke2 Ra2+ 46. Kd3 Ra3+ 47. Ke4 Ra4+ 48. Kd5 Ra5+ 49. Ke6 Re5+ 50. Kd7 Rd5 51. Rxb7 a5 52. Kc6 Rd4 53. Ra7 1-0

[Event "Regionalliga Nord-West 1718"]
[Site "Bayern"]
[Date "2018.02.04"]
[Round "6.6"]
[White "Schmitt, Guenter"]
[Black "Schmierer, Hans Joachim"]
[Result "1-0"]
[WhiteElo "1966"]
[BlackElo "1813"]
[PlyCount "83"]
[EventDate "2017.10.22"]
[EventType "team-tourn"]
[EventRounds "9"]
[EventCountry "GER"]
[SourceTitle "EXT 2022"]
[Source "ChessBase"]
[SourceDate "2021.10.06"]
[SourceVersion "1"]
[SourceVersionDate "2021.10.06"]
[SourceQuality "1"]
[WhiteTeam "Rottendorf"]
[BlackTeam "Kronach"]
[WhiteTeamCountry "GER"]
[BlackTeamCountry "GER"]

1. Nf3 g6 2. d4 Bg7 3. Bf4 d6 4. h3 c5 5. e3 Qb6 6. b3 Nc6 7. c3 Bf5 8. Bd3 Bxd3 9. Qxd3 Nf6 10. 0-0 0-0 11. Nbd2 Rad8 12. d5 e5 13. Bh2 Ne7 14. e4 Ne8 15. Nc4 Qc7 16. a4 h6 17. Nfd2 g5 18. Ne3 Qd7 19. g4 Nf6 20. f3 Kh7 21. Ndc4 Ng6 22. Nf5 Ne8 23. Nxg7 Kxg7 24. Ne3 Ne7 25. Bg3 Rh8 26. Qb5 a6 27. Qxd7 Rxd7 28. a5 h5 29. Rab1 hxg4 30. hxg4 Nc7 31. c4 Rdd8 32. b4 cxb4 33. Rxb4 Rh3 34. Kg2 Rdh8 35. Rxb7 Ng6 36. Rxc7 Nf4+ 37. Kf2 Nd3+ 38. Ke2 Nf4+ 39. Bxf4 gxf4 40. Nf5+ Kf6 41. Nxd6 Rh2+ 42. Rf2 1-0

[Event "Regionalliga NW 1617"]
[Site "Bayern"]
[Date "2017.02.19"]
[Round "6.8"]
[White "Reitz, Helmut"]
[Black "Schmierer, Hans Joachim"]
[Result "1-0"]
[WhiteElo "1813"]
[BlackElo "1810"]
[PlyCount "38"]
[EventDate "2016.10.16"]
[EventType "team-tourn"]
[EventRounds "9"]
[EventCountry "GER"]
[SourceTitle "EXT 2019"]
[Source "ChessBase"]
[SourceDate "2018.10.10"]
[SourceVersion "1"]
[SourceVersionDate "2018.10.10"]
[SourceQuality "1"]
[WhiteTeam "Wuerzburg"]
[BlackTeam "Kronach"]
[WhiteTeamCountry "GER"]
[BlackTeamCountry "GER"]

1. e4 d6 2. d4 Nf6 3. Nc3 g6 4. Be2 Bg7 5. Be3 0-0 6. Qd2 e5 7. dxe5 dxe5 8. 0-0-0 Qxd2+ 9. Rxd2 Be6 10. Nf3 Nbd7 11. Ng5 Rfe8 12. Nxe6 Rxe6 13. Rhd1 Nb6 14. g4 c6 15. g5 Nh5 16. Bxb6 axb6 17. Rd7 b5 18. Rxb7 Nf4 19. Bg4 Re7 1-0

[Event "Regionalliga NW 1617"]
[Site "Bayern"]
[Date "2017.02.05"]
[Round "5.8"]
[White "Schmierer, Hans Joachim"]
[Black "Wambach, Juergen"]
[Result "1/2-1/2"]
[WhiteElo "1810"]
[BlackElo "1984"]
[PlyCount "85"]
[EventDate "2016.10.16"]
[EventType "team-tourn"]
[EventRounds "9"]
[EventCountry "GER"]
[SourceTitle "EXT 2019"]
[Source "ChessBase"]
[SourceDate "2018.10.10"]
[SourceVersion "1"]
[SourceVersionDate "2018.10.10"]
[SourceQuality "1"]
[WhiteTeam "Kronach"]
[BlackTeam "Klingenberg/Main"]
[WhiteTeamCountry "GER"]
[BlackTeamCountry "GER"]

1. c4 e5 2. g3 Nc6 3. Bg2 Bc5 4. e3 d6 5. Ne2 a6 6. 0-0 Ba7 7. Nbc3 Nf6 8. h3 0-0 9. d4 Rb8 10. b3 Bd7 11. Bb2 Re8 12. Kh2 h6 13. a3 exd4 14. exd4 Na5 15. Qc2 Qc8 16. Rad1 Bf5 17. Qd2 Nxb3 18. Qf4 Bc2 19. Rde1 Bd3 20. Rg1 Bxc4 21. Ne4 Nd5 22. Qh4 Qf5 23. g4 Qh7 24. g5 Re6 25. Nf4 Nxf4 26. Qxf4 Rbe8 27. Bf3 Kf8 28. Rg4 d5 29. Nf6 gxf6 30. Rxe6 Rxe6 31. gxf6 Bb8 32. Rg7 Qxg7 33. fxg7+ Kxg7 34. Bg4 Re4 35. Qg3 Kf8 36. Qh4 c6+ 37. Kg2 Bf4 38. Bf3 Bg5 39. Qg3 Re1 40. h4 Bf1+ 41. Kh2 Be7 42. Bg2 Bc4 43. Qb8+ 1/2-1/2

[Event "Regionalliga NW 1516"]
[Site "Bayern"]
[Date "2015.10.25"]
[Round "2.7"]
[White "Schmierer, Hans Joachim"]
[Black "Gehlert, Klaus"]
[Result "1/2-1/2"]
[WhiteElo "1821"]
[BlackElo "2018"]
[PlyCount "93"]
[EventDate "2015.10.11"]
[EventType "team-tourn"]
[EventRounds "9"]
[EventCountry "GER"]
[SourceTitle "EXT 2018"]
[Source "ChessBase"]
[SourceDate "2017.10.13"]
[SourceVersion "1"]
[SourceVersionDate "2017.10.13"]
[SourceQuality "1"]
[WhiteTeam "Kronach"]
[BlackTeam "Wuerzburg"]
[WhiteTeamCountry "GER"]
[BlackTeamCountry "GER"]

1. c4 f5 2. g3 Nf6 3. Bg2 e6 4. d3 Nc6 5. e3 d5 6. b3 Bd6 7. Ne2 Ne5 8. f4 Nf7 9. Nbc3 c6 10. Bb2 0-0 11. 0-0 dxc4 12. bxc4 e5 13. h3 Be6 14. Kh2 Qe7 15. Qc2 Rad8 16. Rae1 Nh6 17. Nd1 Bc8 18. Nec3 Rfe8 19. Re2 Qf7 20. Bf3 Qg6 21. Rg2 Nf7 22. Bc1 Qh6 23. Nf2 Kh8 24. Rh1 Bc5 25. Na4 Bd6 26. Nc3 g5 27. Qd2 Rg8 28. Kg1 gxf4 29. gxf4 Rxg2+ 30. Kxg2 exf4 31. exf4 Rg8+ 32. Kf1 Rg3 33. Bg2 Nh5 34. Ne2 Rg6 35. Qe3 Re6 36. Qd4+ Kg8 37. Rg1 Kf8 38. Bf3 b6 39. Bxh5 Qxh5 40. Qg7+ Ke7 41. Nd4 Bc5 42. Nxe6 Bxe6 43. Qg3 Bd4 44. Be3 Bf6 45. Ke1 c5 46. Qg2 Nd6 47. Qc6 1/2-1/2

[Event "Regionalliga NW 1415"]
[Site "Bayern"]
[Date "2014.10.19"]
[Round "1.8"]
[White "Schmierer, Hans Joachim"]
[Black "Menzel, Felix"]
[Result "1/2-1/2"]
[WhiteElo "1821"]
[BlackElo "1783"]
[PlyCount "45"]
[EventDate "2014.10.19"]
[EventType "team-tourn"]
[EventRounds "9"]
[EventCountry "GER"]
[SourceTitle "EXT 2018"]
[Source "ChessBase"]
[SourceDate "2017.10.13"]
[SourceVersion "1"]
[SourceVersionDate "2017.10.13"]
[SourceQuality "1"]
[WhiteTeam "Kronach"]
[BlackTeam "Hoechstadt/Aisch"]
[WhiteTeamCountry "GER"]
[BlackTeamCountry "GER"]

1. c4 e5 2. Nc3 Nf6 3. g3 d6 4. Bg2 c6 5. d3 Be6 6. Nf3 h6 7. 0-0 Be7 8. b4 Qd7 9. Re1 Bh3 10. Bh1 0-0 11. e4 Na6 12. a3 Nc7 13. d4 Qe6 14. d5 cxd5 15. Nxd5 Nfxd5 16. exd5 Qg6 17. Nd2 f5 18. Qc2 Rac8 19. Nb3 e4 20. Qe2 Bf6 21. Ra2 b6 22. f3 Rce8 23. f4 1/2-1/2

[Event "Regionalliga NW 1314"]
[Site "Bayern"]
[Date "2014.02.23"]
[Round "7.6"]
[White "Schmierer, Hans Joachim"]
[Black "Nuernberger, Stefan"]
[Result "1/2-1/2"]
[WhiteElo "1805"]
[BlackElo "2032"]
[PlyCount "42"]
[EventDate "2013.10.13"]
[EventType "team-tourn"]
[EventRounds "9"]
[EventCountry "GER"]
[SourceTitle "EXT 2015"]
[Source "ChessBase"]
[SourceDate "2014.11.20"]
[SourceVersion "1"]
[SourceVersionDate "2014.11.20"]
[SourceQuality "1"]
[WhiteTeam "Kronach"]
[BlackTeam "Marktleuthen"]
[WhiteTeamCountry "GER"]
[BlackTeamCountry "GER"]

1. c4 Nf6 2. Nc3 g6 3. g3 Bg7 4. Bg2 0-0 5. d3 e5 6. Bd2 d6 7. Rb1 c6 8. e4 Ne8 9. Nge2 f5 10. 0-0 Nf6 11. b4 Be6 12. f3 Nbd7 13. b5 d5 14. bxc6 bxc6 15. cxd5 cxd5 16. Bg5 d4 17. Nd5 h6 18. Bxf6 Nxf6 19. Nxf6+ Bxf6 20. f4 Rb8 21. Qa4 Qd7 1/2-1/2

[Event "Regionalliga NW 1314"]
[Site "Bayern"]
[Date "2014.02.09"]
[Round "6.8"]
[White "Trice, Mark"]
[Black "Schmierer, Hans Joachim"]
[Result "1-0"]
[WhiteElo "1869"]
[BlackElo "1805"]
[PlyCount "57"]
[EventDate "2013.10.13"]
[EventType "team-tourn"]
[EventRounds "9"]
[EventCountry "GER"]
[SourceTitle "EXT 2015"]
[Source "ChessBase"]
[SourceDate "2014.11.20"]
[SourceVersion "1"]
[SourceVersionDate "2014.11.20"]
[SourceQuality "1"]
[WhiteTeam "Wuerzburg II"]
[BlackTeam "Kronach"]
[WhiteTeamCountry "GER"]
[BlackTeamCountry "GER"]

1. e4 d6 2. d4 Nf6 3. Nc3 g6 4. f3 Bg7 5. Be3 0-0 6. Qd2 Nc6 7. 0-0-0 e5 8. d5 Ne7 9. g4 a6 10. Nge2 Ne8 11. h4 f5 12. gxf5 gxf5 13. Bh6 f4 14. Bxg7 Nxg7 15. h5 h6 16. Ng1 Qe8 17. Qh2 Kh7 18. Bd3 Ng8 19. Nge2 Bd7 20. Rdg1 Qf7 21. Nd1 Be8 22. Nf2 Kh8 23. Ng4 Qxh5 24. Qf2 Qf7 25. Nxh6 Nxh6 26. Rxh6+ Kg8 27. Qh4 Qd7 28. Rh7 c6 29. Qh6 1-0

[Event "Regionalliga NW 1213"]
[Site "Bayern"]
[Date "2013.04.14"]
[Round "9.8"]
[White "Mehling, Franziska"]
[Black "Schmierer, Hans Joachim"]
[Result "1-0"]
[WhiteElo "1818"]
[BlackElo "1828"]
[PlyCount "97"]
[EventDate "2012.10.14"]
[EventType "team-tourn"]
[EventRounds "9"]
[EventCountry "GER"]
[SourceTitle "EXT 2015"]
[Source "ChessBase"]
[SourceDate "2014.11.20"]
[SourceVersion "1"]
[SourceVersionDate "2014.11.20"]
[SourceQuality "1"]
[WhiteTeam "Stetten"]
[BlackTeam "Kronach"]
[WhiteTeamCountry "GER"]
[BlackTeamCountry "GER"]

1. d4 Nf6 2. c4 g6 3. Nc3 Bg7 4. e4 d6 5. f3 0-0 6. Be3 c6 7. Qd2 e5 8. Nge2 Nbd7 9. Nc1 Nh5 10. Nb3 Qh4+ 11. Bf2 Qf4 12. Qxf4 Nxf4 13. 0-0-0 a6 14. g3 Nh5 15. Be2 Re8 16. dxe5 dxe5 17. c5 Bf8 18. Kb1 Ng7 19. Bc4 Be7 20. Rd2 Nf8 21. Rhd1 Be6 22. Na5 Rab8 23. Na4 Bxc4 24. Nxc4 Nge6 25. Nd6 Red8 26. Nb6 Nc7 27. Nbc4 Ne8 28. Nxe8 Rxe8 29. Nxe5 Bxc5 30. Bxc5 Rxe5 31. Bd6 Ree8 32. Bxb8 Rxb8 33. Rd8 Rxd8 34. Rxd8 Kg7 35. Rb8 Ne6 36. Rxb7 Nd4 37. f4 Nf3 38. Rb6 Nxh2 39. Rxa6 Nf1 40. Rxc6 Nd2+ 41. Kc1 Nxe4 42. g4 Nf2 43. a4 Nd3+ 44. Kb1 h5 45. gxh5 gxh5 46. a5 Nb4 47. Rb6 Nd5 48. Rb5 Nxf4 49. a6 1-0

[Event "Regionalliga NW 1213"]
[Site "Bayern"]
[Date "2013.02.03"]
[Round "6.8"]
[White "Reitz, Helmut"]
[Black "Schmierer, Hans Joachim"]
[Result "0-1"]
[WhiteElo "1791"]
[BlackElo "1828"]
[PlyCount "102"]
[EventDate "2012.10.14"]
[EventType "team-tourn"]
[EventRounds "9"]
[EventCountry "GER"]
[SourceTitle "EXT 2015"]
[Source "ChessBase"]
[SourceDate "2014.11.20"]
[SourceVersion "1"]
[SourceVersionDate "2014.11.20"]
[SourceQuality "1"]
[WhiteTeam "Wuerzburg II"]
[BlackTeam "Kronach"]
[WhiteTeamCountry "GER"]
[BlackTeamCountry "GER"]

1. d4 Nf6 2. Nf3 g6 3. Bf4 Bg7 4. Nc3 d6 5. Qd2 Nbd7 6. Bh6 0-0 7. e4 Re8 8. Bxg7 Kxg7 9. Be2 e5 10. dxe5 Nxe5 11. 0-0-0 Neg4 12. Bd3 Ne5 13. Nxe5 dxe5 14. f3 c6 15. g4 Be6 16. h4 h5 17. g5 Nd7 18. Qh2 Qa5 19. Bc4 Bxc4 20. Rxd7 Bxa2 21. Rxb7 Rab8 22. Rxb8 Rxb8 23. Nxa2 Qxa2 24. Qxe5+ Kh7 25. Qxb8 Qa1+ 26. Kd2 Qxh1 27. Qf4 Kg7 28. e5 Qg2+ 29. Kc3 Qe2 30. b3 a6 31. Qe4 Qd1 32. Kc4 Qd7 33. Kc5 Qe6 34. Kb6 c5+ 35. Kxc5 Qe8 36. Qe2 a5 37. f4 Qe7+ 38. Kd4 Qb4+ 39. Ke3 Qc3+ 40. Qd3 Qe1+ 41. Kf3 Qxh4 42. Qd7 Qh1+ 43. Kf2 Qh2+ 44. Kf3 Qxc2 45. e6 Qxb3+ 46. Kg2 Qxe6 47. Qd4+ Kh7 48. Qd8 a4 49. Qf8 Qe4+ 50. Kg3 Qe3+ 51. Kh2 Qxf4+ 0-1

[Event "Regionalliga NW 1213"]
[Site "Bayern"]
[Date "2012.10.14"]
[Round "1.8"]
[White "Schmierer, Hans Joachim"]
[Black "Von Lossow, Marcus"]
[Result "1-0"]
[WhiteElo "1828"]
[BlackElo "1589"]
[PlyCount "75"]
[EventDate "2012.10.14"]
[EventType "team-tourn"]
[EventRounds "9"]
[EventCountry "GER"]
[SourceTitle "EXT 2015"]
[Source "ChessBase"]
[SourceDate "2014.11.20"]
[SourceVersion "1"]
[SourceVersionDate "2014.11.20"]
[SourceQuality "1"]
[WhiteTeam "Kronach"]
[BlackTeam "Hof"]
[WhiteTeamCountry "GER"]
[BlackTeamCountry "GER"]

1. c4 c5 2. Nc3 Nc6 3. g3 g6 4. Bg2 Bg7 5. d3 d6 6. Rb1 Nf6 7. a3 a5 8. Bd2 Bd7 9. Nf3 0-0 10. 0-0 Qc8 11. Re1 Bh3 12. Bh1 Qd7 13. Ng5 Rfb8 14. Nxh3 Qxh3 15. Bg2 Qf5 16. e4 Qg4 17. f3 Qd7 18. Nb5 Ne8 19. Bc3 Nc7 20. a4 Nxb5 21. cxb5 Nd4 22. Kh1 Qe6 23. f4 Qb3 24. Qxb3 Nxb3 25. e5 Nd4 26. Bxd4 cxd4 27. exd6 exd6 28. Re7 Bf8 29. Rd7 Ra7 30. Rc1 Re8 31. Bd5 Re7 32. Rcc7 Rxd7 33. Rxd7 Ra8 34. Rxf7 Kh8 35. Bxb7 Re8 36. b3 Kg8 37. Bd5 Kh8 38. b6 1-0

[Event "Regionalliga NW 1112"]
[Site "Bayern"]
[Date "2011.11.20"]
[Round "3.7"]
[White "Buecker, Florian"]
[Black "Schmierer, Hans Joachim"]
[Result "1-0"]
[WhiteElo "1860"]
[BlackElo "1936"]
[PlyCount "47"]
[EventDate "2011.10.02"]
[EventType "team-tourn"]
[EventRounds "9"]
[EventCountry "GER"]
[SourceTitle "EXT 2013"]
[Source "ChessBase"]
[SourceDate "2012.11.22"]
[SourceVersion "1"]
[SourceVersionDate "2012.11.22"]
[SourceQuality "1"]
[WhiteTeam "Bamberg"]
[BlackTeam "Kronach"]
[WhiteTeamCountry "GER"]
[BlackTeamCountry "GER"]

1. d4 Nf6 2. Nf3 g6 3. c4 Bg7 4. Nc3 d6 5. e4 0-0 6. Be2 e5 7. d5 a6 8. 0-0 Nbd7 9. Qc2 Rb8 10. b4 b6 11. Ne1 Ne8 12. f3 f5 13. Be3 f4 14. Bf2 Bf6 15. Nd3 Bh4 16. g3 Bg5 17. c5 h5 18. gxf4 Bxf4 19. c6 Qg5+ 20. Kh1 Ndf6 21. Rg1 Qh6 22. Nxf4 exf4 23. e5 Bf5 24. Qxf5 1-0

[Event "Regionalliga NW 0910"]
[Site "Bayern"]
[Date "2010.02.28"]
[Round "7.8"]
[White "Schmierer, Hans Joachim"]
[Black "Schulz, Siegfried"]
[Result "1/2-1/2"]
[WhiteElo "1915"]
[BlackElo "1777"]
[PlyCount "35"]
[EventDate "2009.10.18"]
[EventType "team-tourn"]
[EventRounds "9"]
[EventCountry "GER"]
[SourceTitle "EXT 2011"]
[Source "ChessBase"]
[SourceDate "2010.11.26"]
[SourceVersion "1"]
[SourceVersionDate "2010.11.26"]
[SourceQuality "1"]
[WhiteTeam "Kronach"]
[BlackTeam "Kirchenlaibach"]
[WhiteTeamCountry "GER"]
[BlackTeamCountry "GER"]

1. c4 e6 2. Nf3 b6 3. g3 Bb7 4. Bg2 Nf6 5. Nc3 Be7 6. 0-0 0-0 7. d4 d5 8. Ne5 c6 9. cxd5 exd5 10. Bf4 Nbd7 11. Nxd7 Qxd7 12. Re1 Rad8 13. Qa4 Ba8 14. Rad1 a5 15. a3 Bd6 16. Bg5 Qf5 17. Bxf6 Qxf6 18. e4 1/2-1/2

[Event "Regionalliga NW 0910"]
[Site "Bayern"]
[Date "2009.10.18"]
[Round "1.7"]
[White "Stumpf, Hilmar"]
[Black "Schmierer, Hans Joachim"]
[Result "1/2-1/2"]
[WhiteElo "1863"]
[BlackElo "1915"]
[PlyCount "88"]
[EventDate "2009.10.18"]
[EventType "team-tourn"]
[EventRounds "9"]
[EventCountry "GER"]
[SourceTitle "EXT 2011"]
[Source "ChessBase"]
[SourceDate "2010.11.26"]
[SourceVersion "1"]
[SourceVersionDate "2010.11.26"]
[SourceQuality "1"]
[WhiteTeam "Nordhalben"]
[BlackTeam "Kronach"]
[WhiteTeamCountry "GER"]
[BlackTeamCountry "GER"]

1. d4 Nf6 2. Nf3 g6 3. c4 Bg7 4. Nc3 d6 5. e4 0-0 6. Be2 c6 7. 0-0 Na6 8. h3 Bd7 9. Be3 Nc7 10. a4 Rb8 11. Qc2 a5 12. Nd2 Na6 13. Nb3 Nb4 14. Qd2 b6 15. Rfd1 Qc8 16. Bg5 Kh8 17. e5 Ng8 18. exd6 exd6 19. Bf4 Bf5 20. Rac1 Rd8 21. g4 Bc2 22. Rxc2 Nxc2 23. Qxc2 Rb7 24. Ne4 Rbd7 25. Bxd6 Rxd6 26. Nxd6 Rxd6 27. c5 bxc5 28. Qxc5 Rd5 29. Qb6 h5 30. f3 Qe6 31. Kf2 Qd6 32. Bc4 Qh2+ 33. Ke1 Bf6 34. Rd2 Qh1+ 35. Ke2 Qg2+ 36. Kd1 Qxf3+ 37. Kc2 Rd7 38. Qxa5 hxg4 39. hxg4 Qxg4 40. Qc5 Kg7 41. a5 Ne7 42. a6 Qe4+ 43. Bd3 Qd5 44. Bc4 Qe4+ 1/2-1/2

[Event "Regionalliga NW 0607"]
[Site "Bayern"]
[Date "2007.04.22"]
[Round "9.8"]
[White "Schmierer, Hans Joachim"]
[Black "Kwossek, Martin"]
[Result "1-0"]
[WhiteElo "1802"]
[BlackElo "1773"]
[PlyCount "101"]
[EventDate "2006.10.15"]
[EventType "team-tourn"]
[EventRounds "9"]
[EventCountry "GER"]
[SourceTitle "EXT 2008"]
[Source "ChessBase"]
[SourceDate "2007.11.25"]
[SourceVersion "1"]
[SourceVersionDate "2007.11.25"]
[SourceQuality "1"]
[WhiteTeam "Kronach"]
[BlackTeam "Kitzingen"]
[WhiteTeamCountry "GER"]
[BlackTeamCountry "GER"]

1. d4 d5 2. c4 e6 3. Nc3 Nf6 4. Bg5 Be7 5. Nf3 c6 6. e3 Nbd7 7. Bd3 dxc4 8. Bxc4 0-0 9. 0-0 Re8 10. a3 b6 11. Be2 Bb7 12. Nd2 c5 13. Bf3 Bxf3 14. Nxf3 Nd5 15. Bxe7 Nxe7 16. Ne4 cxd4 17. Qxd4 Nf5 18. Qa4 Qe7 19. Rac1 Nf6 20. Nxf6+ Qxf6 21. Rc3 h5 22. Rfc1 Re7 23. h3 e5 24. Rc8+ Rxc8 25. Rxc8+ Kh7 26. Qe4 g6 27. Rc6 Re6 28. Rxe6 fxe6 29. Qxe5 Qxe5 30. Nxe5 Nd6 31. Kf1 Kg7 32. b3 Kf6 33. Nc6 a5 34. Ke2 e5 35. f3 Ke6 36. f4 exf4 37. exf4 Nf5 38. Kd3 Kd5 39. g4 hxg4 40. hxg4 Nh4 41. Ne7+ Kd6 42. Nc8+ Kc7 43. Na7 Kd6 44. Ke4 Ke6 45. Nc8 b5 46. Na7 a4 47. b4 Ng2 48. Nxb5 Ne1 49. Nd4+ Kf6 50. b5 Ke7 51. f5 1-0

[Event "Regionalliga NW 0607"]
[Site "Bayern"]
[Date "2007.04.01"]
[Round "8.8"]
[White "Reitz, Helmut"]
[Black "Schmierer, Hans Joachim"]
[Result "0-1"]
[WhiteElo "1841"]
[BlackElo "1814"]
[PlyCount "148"]
[EventDate "2006.10.15"]
[EventType "team-tourn"]
[EventRounds "9"]
[EventCountry "GER"]
[SourceTitle "EXT 2008"]
[Source "ChessBase"]
[SourceDate "2007.11.25"]
[SourceVersion "1"]
[SourceVersionDate "2007.11.25"]
[SourceQuality "1"]
[WhiteTeam "Wuerzburg II"]
[BlackTeam "Kronach"]
[WhiteTeamCountry "GER"]
[BlackTeamCountry "GER"]

1. d4 Nf6 2. c4 g6 3. Nc3 Bg7 4. e4 d6 5. f4 c5 6. d5 0-0 7. Be2 e6 8. Nf3 exd5 9. e5 dxe5 10. fxe5 Ng4 11. Bg5 Qa5 12. cxd5 Nxe5 13. 0-0 a6 14. Be7 Re8 15. d6 Bd7 16. Nxe5 Bxe5 17. Nd5 Nc6 18. Nf6+ Bxf6 19. Bxf6 Qb4 20. Qc1 Qe4 21. Bc4 Nd8 22. Bxd8 Rexd8 23. Bxf7+ Kg7 24. Qg5 Bf5 25. Qe7 Qd4+ 26. Kh1 Qxd6 27. Qxb7 Rab8 28. Qf3 Kxf7 29. g4 Qd5 30. gxf5 gxf5 31. b3 Qxf3+ 32. Rxf3 Rd5 33. Rc1 Rbd8 34. Rcf1 Kf6 35. Rf4 Re8 36. Rh4 Re2 37. Rh6+ Kg5 38. Rxh7 Rxa2 39. Rg7+ Kf6 40. Rg2 Rxg2 41. Kxg2 Rd2+ 42. Kg1 Rd3 43. Ra1 Rxb3 44. Rxa6+ Kg5 45. Rc6 Rc3 46. Kf2 Kf4 47. Rg6 c4 48. h4 Rh3 49. Rc6 c3 50. Rc4+ Ke5 51. Kg2 Rd3 52. h5 Rd2+ 53. Kh3 c2 54. h6 Rd6 55. Rxc2 Rxh6+ 56. Kg2 f4 57. Rc4 Kf5 58. Rb4 Rg6+ 59. Kf3 Rg3+ 60. Kf2 Ra3 61. Rc4 Kg4 62. Rc8 Ra2+ 63. Ke1 Kg3 64. Rg8+ Kf3 65. Rg7 Ra1+ 66. Kd2 Kf2 67. Kd3 Re1 68. Rf7 f3 69. Rf8 Re7 70. Rf6 Kg2 71. Rg6+ Kf1 72. Rh6 f2 73. Kd2 Rd7+ 74. Kc2 Rg7 0-1

[Event "Regionalliga NW 0607"]
[Site "Bayern"]
[Date "2006.11.19"]
[Round "3.8"]
[White "Schmierer, Hans Joachim"]
[Black "Sieber, Heiko"]
[Result "1/2-1/2"]
[WhiteElo "1814"]
[BlackElo "1929"]
[PlyCount "136"]
[EventDate "2006.10.15"]
[EventType "team-tourn"]
[EventRounds "9"]
[EventCountry "GER"]
[SourceTitle "EXT 2008"]
[Source "ChessBase"]
[SourceDate "2007.11.25"]
[SourceVersion "1"]
[SourceVersionDate "2007.11.25"]
[SourceQuality "1"]
[WhiteTeam "Kronach"]
[BlackTeam "Hof"]
[WhiteTeamCountry "GER"]
[BlackTeamCountry "GER"]

1. d4 d5 2. c4 c6 3. Nc3 Nf6 4. Nf3 e6 5. Bf4 Nbd7 6. e3 dxc4 7. Bxc4 b5 8. Bd3 a6 9. Ne4 Bb4+ 10. Nfd2 0-0 11. 0-0 Re8 12. Nf3 Nxe4 13. Bxe4 Bb7 14. Ne5 Nxe5 15. Bxe5 Bd6 16. Bxd6 Qxd6 17. Rc1 Rac8 18. Qc2 g6 19. Qc5 Qxc5 20. Rxc5 Rc7 21. Rfc1 Rec8 22. Bf3 Kf8 23. h4 Ke7 24. Kh2 Kd6 25. Kg3 Re7 26. Kf4 f6 27. b4 h6 28. e4 e5+ 29. dxe5+ fxe5+ 30. Ke3 Rf8 31. Rd1+ Kc7 32. Rd2 Bc8 33. Bd1 Rfe8 34. g3 Kb6 35. Rd6 Bd7 36. Rxg6 a5 37. a3 axb4 38. axb4 Rd8 39. Rd6 Kc7 40. Rd2 Be8 41. Rxd8 Kxd8 42. f4 exf4+ 43. gxf4 Rg7 44. Kf2 Rd7 45. Bh5 Rd4 46. Ke3 Rxb4 47. Bxe8 Kxe8 48. Rxc6 Rb1 49. Rxh6 b4 50. Kd3 b3 51. Rb6 b2 52. Kc2 Rf1 53. f5 Rf4 54. Re6+ Kf7 55. h5 Rf2+ 56. Kb1 Re2 57. h6 Rf2 58. Rb6 Re2 59. h7 Kg7 60. Rb7+ Kh8 61. Re7 Re1+ 62. Kxb2 Re2+ 63. Kc3 Re3+ 64. Kc4 Rc3+ 65. Kd5 Rc5+ 66. Ke6 Re5+ 67. Kd7 Rd5+ 68. Kc8 Rd8+ 1/2-1/2